¿Fuga de cerebros o diásporas? : inmigración y emigración de personal altamente calificado en México (Record no. 110656)

MARC details
000 -CABECERA
campo de control de longitud fija 00610nab a2200205 a 4500
005 - FECHA Y HORA DE LA ÚLTIMA TRANSACCIÓN
campo de control 20221019063529.0
008 - ELEMENTOS DE LONGITUD FIJA--INFORMACIÓN GENERAL
campo de control de longitud fija 991125s1985 mx 000 0 spa u
035 ## - NÚMERO DE CONTROL DEL SISTEMA
Número de control de sistema UPN01000138508
100 1# - ASIENTO PRINCIPAL--NOMBRE PERSONAL
Nombre de persona Didou Aupetit, Sylvie
9 (RLIN) 30804
222 ## - TÍTULO CLAVE
Título clave REVISTA DE LA EDUCACION SUPERIOR
245 ## - MENCIÓN DE TÍTULO
Título ¿Fuga de cerebros o diásporas? : inmigración y emigración de personal altamente calificado en México
260 ## - PUBLICACIÓN, DISTRIBUCIÓN, ETC.
Lugar de publicación, distribución, etc. México
300 ## - DESCRIPCIÓN FÍSICA
Extensión 7-25
362 0# - FECHAS DE PUBLICACIÓN Y/O DESIGNACIÓN SECUENCIAL
Fecha de publicación y/o designación secuencial 2004 Vol. 33(4), no. 132, oct.-dic.
653 0# - TERMINO DE INDIZACION - NO CONTROLADO
Término no controlado FUGA DE CEREBROS
653 0# - TERMINO DE INDIZACION - NO CONTROLADO
Término no controlado MEXICO
653 0# - TERMINO DE INDIZACION - NO CONTROLADO
Término no controlado MIGRACION
653 0# - TERMINO DE INDIZACION - NO CONTROLADO
Término no controlado TLC
905 ## - TIPO DE MATERIAL
Tipo de material Articulo

No items available.